The British slave trade: abolition, parliament and people (Record no. 36169)

MARC details
000 -LEADER
fixed length control field 00783nam a2200193 a 4500
008 - FIXED-LENGTH DATA ELEMENTS--GENERAL INFORMATION
fixed length control field 090325s2007 ||||||||||||||||| || u
020 ## - INTERNATIONAL STANDARD BOOK NUMBER
International Standard Book Number 9780748633142
050 ## - LIBRARY OF CONGRESS CALL NUMBER
Classification number HT 1162 Bri
100 ## - MAIN ENTRY--PERSONAL NAME
Personal name Walvin, James
245 14 - TITLE STATEMENT
Title The British slave trade: abolition, parliament and people
Statement of responsibility, etc. edited by Stephen Farrell, Melanie Unwin and James Walvin
260 ## - PUBLICATION, DISTRIBUTION, ETC.
Place of publication, distribution, etc. Edinburgh
Name of publisher, distributor, etc. Edinburgh University P
Date of publication, distribution, etc. 2007
300 ## - PHYSICAL DESCRIPTION
Extent xiii, 346p.: ill
350 ## - PRICE (NR) (BK AM CF MU VM SE) [OBSOLETE]
Price 0.00
650 ## - SUBJECT ADDED ENTRY--TOPICAL TERM
Topical term or geographic name entry element TRADE POLICY--ZIMBABWE
650 ## - SUBJECT ADDED ENTRY--TOPICAL TERM
Topical term or geographic name entry element SLAVE TRADE--GREAT BRITAIN--HISTORY--19TH CENTURY
700 ## - ADDED ENTRY--PERSONAL NAME
Personal name Unwin, Melanie
700 ## - ADDED ENTRY--PERSONAL NAME
Personal name Farrell, Stephen
995 ## - RECOMMENDATION 995 [LOCAL, UNIMARC FRANCE]
-- 0.00
-- CBU-MAIN LIBRARY (Kitwe)
-- 1
-- 0.00
-- 1
-- AVAILABLE
-- May 6, 2009
-- Main Library Open Access Collection
Holdings
Withdrawn status Lost status Source of classification or shelving scheme Damaged status Not for loan Home library Current library Shelving location Date acquired Total Checkouts Full call number Barcode Date last seen Price effective from Koha item type
          CBU-MAIN LIBRARY, KITWE. CBU-MAIN LIBRARY, KITWE.   11/30/2022   HT 1162 Bri 740044 11/30/2022 11/30/2022 MONOGRAPH